ბათუმის შოთა რუსთაველის სახელმწიფო უნივერსიტეტის ბიბლიოთეკა

Основы дипломатического права (ბიბ.ჩანაწერი № 35215)

000 -LEADER
fixed length control field 00616nam a2200241Ia 4500
001 - CONTROL NUMBER
control field 1061
003 - CONTROL NUMBER IDENTIFIER
control field GE_BSU
008 - FIXED-LENGTH DATA ELEMENTS--GENERAL INFORMATION
fixed length control field 181216s||||||||xx |||||||||||||| ||und||
020 ## - INTERNATIONAL STANDARD BOOK NUMBER
International Standard Book Number 5985340716
040 ## - CATALOGING SOURCE
Transcribing agency GE_BSU
080 ## - UNIVERSAL DECIMAL CLASSIFICATION NUMBER
Universal Decimal Classification number 341(075.8)
100 ## - MAIN ENTRY--PERSONAL NAME
Personal name Соловьев,Э.Я.
245 ## - TITLE STATEMENT
Title Основы дипломатического права
245 ## - TITLE STATEMENT
Remainder of title Уч-е пособие
260 ## - PUBLICATION, DISTRIBUTION, ETC.
Place of publication, distribution, etc. Москва
260 ## - PUBLICATION, DISTRIBUTION, ETC.
Name of publisher, distributor, etc. Ось-89
260 ## - PUBLICATION, DISTRIBUTION, ETC.
Date of publication, distribution, etc. 2005
300 ## - PHYSICAL DESCRIPTION
Extent 144стр.
653 ## - INDEX TERM--UNCONTROLLED
Uncontrolled term Основы дипломатического права
653 ## - INDEX TERM--UNCONTROLLED
Uncontrolled term Право
942 ## - ADDED ENTRY ELEMENTS (KOHA)
Koha item type წიგნი
ეგზემპლარები
Withdrawn status Lost status Damaged status Not for loan Date acquired Barcode Date last seen Price effective from Koha item type
        2018-12-17 1762 2018-12-17 2018-12-17 წიგნი